Крупнейшие русскоязычные города от А до Z - Statistics

General Stats
  • This quiz has been taken 21 times
  • The average score is 18 of 31
Answer Stats
Население Регион Подсказка Ответ % Correct
А 476,000 Европейская Россия всемирно известен своей чёрной икрой и высококачественными арбузами Астрахань
100%
В 1 миллион Европейская Россия город, где Пётр I начал строительство первой регулярной русской флотилии в конце XVII века Воронеж
92%
Е 1.5 миллиона Урал исторически значим как место казни последнего российского императора Николая II и его семьи Екатеринбург
92%
М 13 миллионов Европейская Россия определяется Кремлём, Красной площадью и всемирно известным метро, похожим на дворцы Москва
92%
Р 1.1 миллиона Европейская Россия центр казачьей культуры, расположен в устье реки Дон Ростов-на-Дону
92%
У 1.1 миллиона Урал известен высококачественным мёдом и огромным памятником национальному герою Салавату Юлаеву Уфа
92%
С 5.6 миллиона Европейская Россия основан Петром I как «окно в Европу», знаменит Эрмитажем Санкт-Петербург
83%
Ч 1.2 миллиона Урал попал в мировые новости в 2013 году после взрыва метеорита-болида над городом Челябинск
83%
И 623,000 Урал город, где Михаил Калашников разработал и производил автомат АК-47 Ижевск
75%
Й 249,000 Урал известен недавним архитектурным преображением с набережной в стиле Брюгге Йошкар-Ола
75%
Н 1.5 миллиона Сибирь важная станция Транссибирской магистрали Новосибирск
75%
О 1.1 миллиона Сибирь город, где Фёдор Достоевский провёл четыре года в ссылке, что вдохновило его на «Записки из Мёртвого дома» Омск
75%
П 1 миллион Урал дал название геологическому периоду (примерно 250–300 млн лет назад) Пермь
75%
Т 847,000 Урал первый русский город в Сибири, ныне крупный центр нефтегазовой промышленности Тюмень
67%
Я 591,000 Европейская Россия исторический центр является объектом ЮНЕСКО, а тысячелетняя история изображена на российской купюре в 1000 рублей Ярославль
67%
Л 496,000 Европейская Россия крупный «стальной город», известный металлургическими заводами и историческими минеральными курортами, посещавшимися российской знатью Липецк
58%
Щ 136,000 Европейская Россия расположен рядом со Звёздным городком — центром подготовки космонавтов Щёлково
58%
Б 631,000 Сибирь ворота в Алтайские горы; один из первых крупных промышленных центров России XVIII века благодаря серебряным рудникам Барнаул
50%
К 3 миллиона Восточная Европа знаменит золотыми куполами Софийского собора и огромным монументом «Родина-мать» Киев
50%
Ф 66,000 Восточная Европа здесь находятся средневековая генуэзская крепость и музей мариниста Ивана Айвазовского Феодосия
50%
Ю 182,000 Сибирь город, который ранее находился под японским управлением и назывался Тоёхара Южно-Сахалинск
50%
Ж 94,000 Европейская Россия известен масштабной добычей железной руды; ключевой центр Курской магнитной аномалии (КМА) Железногорск
42%
З 710,000 Восточная Европа здесь расположена крупнейшая атомная электростанция Европы Запорожье
42%
Х 1.4 миллиона Восточная Европа знаменит площадью Свободы (одной из крупнейших городских площадей Европы) и мощной университетской системой Харьков
42%
Ц 32,000 Кавказ главный город непризнанного региона, сильно пострадавшего во время российско-грузинской войны 2008 года Цхинвали
42%
Э 225,000 Урал место приземления Юрия Гагарина после его исторического первого полёта в космос Энгельс
42%
Ш 263,000 Европейская Россия знаменит рекордным числом олимпийских чемпионов по тяжёлой атлетике Шахты
33%
Д 969,000 Восточная Европа крупный центр авиационно-космической и ракетной промышленности на берегу крупнейшей реки страны Днепр
25%
Г 501,000 Восточная Европа известен великолепным дворцом Румянцевых-Паскевичей, расположенным в огромном парке Гомель
17%
Ё 1,500 Европейская Россия удалённый населённый пункт Мурманской области за Полярным кругом, недалеко от границы с Финляндией Ёнский
0%
Ы 500 Европейская Россия деревня в Республике Коми, одно из древнейших поселений региона, с уникальным финно-угорским этнокультурным парком Ыб
0%
No matching quizzes found
Score Distribution
Percent of People with Each Score
Percentile by Number Answered
Your Score History
You have not taken this quiz